01260nam a2200349Ia 450000500170000000800410001702000180005804100080007610000280008424500820011225000180019430000470021250000210025950000450028052100350032565000450036065000470040565000380045265000410049065000370053165000360056870000610060470000480066594200150071326400330072833600270076133700330078833800280082104000350084908400110088499900150089520220317001747.0170328s2016 c a g 000 p s  a9789583051623 aspa1 aAlonso, Dorad1910-200113aLa flauta de chocolatecDora Alonso ; ilustraciones María Fernanda Mantilla a2a. edición a76 páginasbilustraciones a colorc22 cm aIncluye glosario aIncluye datos biográficos de la autora aRecomendado desde los 6 años142LEMBaPoesía infantil cubanaySiglo XX142LEMBaLiteratura infantil cubanaySiglo XX142LEMBaNaturaleza en la literatura142LEMBaImaginación en la literatura142LEMBaEmociones en la literatura142LEMBaSueños en la literatura1 aMantilla Navarrete, María Fernandaeilustradora9901581 aFonseca Leal, Raquel Mireyaeeditora944433 2loccBKINF aBogotábPanamericanac2016 atextobtxt2rdacontent asin mediaciónbn2rdamedia avolumenbnc2rdacarrier aCO-BoRNBPbspaerdacCO-BoRNBP aP ALO4 c7998d7998